000 00524nam a2200169 i 4500
001 25628
003 ES-MaACL
005 20251004063051.0
007 t|
008 021227s1928 sp ||||1| spa d
100 1 _aArco y Garay, Ricardo del,
_d1888-1955
_922507
245 1 0 _aZaragoza histórica
_b: evocaciones y noticias /
_cRicardo del Arco y Garay.
260 _a[Huesca :
_b[s.n.,
_c1928] (
_fImp. Justo Martínez)
300 _a186 p. ;
_c22 x 16 cm.
852 _aES-MaACL
_jA-362
999 _c25628
_d25628